Statistics for The Ultimate Roller Coaster Trivia Part 2

Click here to take the quiz!

General Stats

  • This quiz has been taken 29 times
  • The average score is 15 of 19

Answer Stats

QuestionAnswer% Correct
What roller coaster has trains in the shape of rip-roaring dragsters?Top Thrill Dragster
100%
How fast can roller coasters go?100 mph
93%
On an inverted roller coaster, where are the roller coaster cars?Under the track
93%
Where is America's roller coaster capital?Cedar Point in Ohio
87%
Where was the first American roller coaster built?Coney Island
87%
Where is the Do-dodonpa roller coaster located?Japan
87%
What inspired Disney's Matterhorn roller coaster?Swiss Alps
87%
The Son of Beast roller coaster is constructed of what material?Wood
87%
The Kingda Ka roller coaster goes how fast?128 mph
80%
How long does the Do-dodonpa take to reach 106.8 mph?1.8 seconds
80%
What type of roller coaster is the Top Thrill Dragster?Accelerator coaster
80%
The songs from what musical artist accompany the Rock 'n' Roller Coaster?Aerosmith
80%
Where is Apollo's Chariot roller coaster located?Busch Gardens in Williamsburg, Virginia
80%
What construction material has impacted the safety of roller coasters?Steel
73%
Which roller coaster has passengers face down in the flying position?Tatsu
73%
When was the Son of Beast's wooden loop removed?2007
67%
Magnum XL -200 has a drop of:194.67 feet
60%
How many thrill seekers ride the Raptor in a year?2000000
53%
How much did the Steel Dragon roller coaster cost to build?$50 million
53%

Score Distribution

Percentile by Number Answered

Percent of People with Each Score

Your Score History

You have not taken this quiz